000 02176cam a22003978i 4500
001 10627131
003 CaAEU
005 20250707132317.0
006 m o d
007 cr |||||||||||
008 240502t20252025enk ob 001 0 eng
010 _a 2024020449
020 _a9781350376519
035 _aon1452294833
039 _aexclude
040 _aDLC
_beng
_erda
_cDLC
_dOCLCO
_dBLOOM
_dAEU
041 _aEnglish
042 _apcc
050 0 0 _aTT507
245 0 0 _aThinking through fashion
_b: a guide to key theorists
_c/ Agnès Rocamora and Anneke Smelik (editors).
250 _aSecond and expanded edition.
264 1 _aLondon ;
_aNew York :
_bBloomsbury Visual Arts,
_c2025.
264 4 _c©2025
300 _a336 pages
490 1 _aDress cultures
504 _aIncludes bibliographical references and index.
505 2 _aIntroduction to Thinking through Fashion — Karl Marx: Fashion and Capitalism — Sigmund Freud: More than a Fetish: Fashion and Psychoanalysis — Georg Simmel: The 'Philosophical Monet' — W.E.B. Du Bois: Fashion through the Veil — Walter Benjamin: Fashion, Modernity and the City Street — Mikhail Bakhtin: Fashioning the Grotesque Body.
520 _a"A vital update to the definitive guide to fashion and cultural theory, featuring four new chapters on key theorists Edward Said, bell hooks, Frantz Fanon and W.E.B. Du Bois, a new preface and updated introduction, and essential revisions to equip readers with the most up-to-date developments in fashion and fashion studies. Across 19 major thinkers from the 19th to the 21st century, the second edition of this crucial collection introduces readers to the process of thinking through rich cultural fields such as fashion with the help of social and cultural theory, and thinking through social and cultural theory with the help of fashion"--
_cProvided by publisher.
650 0 _aFashion design
_99703
650 0 _aFashion
_xSocial aspects
_99170
650 0 _aPhilosophy of fashion
_xPhilosophy.
700 _aRocamora, Agnès,
_eeditor.
_925683
700 _aSmelik, Anneke,
_eeditor.
_925684
830 0 _aDress cultures
942 _2lcc
999 _c4828
_d4828